Statistics for Guess The Movie By An Iconic Outfit

Click here to take the quiz!

General Stats

  • This quiz has been taken 42 times
  • The average score is 6 of 10

Answer Stats

Answer% Correct
Clueless
79%
Mean Girls
76%
Legally Blonde
71%
La La Land
68%
Kill Bill
66%
Fight Club
61%
13 Going on 30
37%
Pretty Woman
34%
Jennifer's Body
32%
How to Lose a Guy in 10 Days
29%

Score Distribution

Percentile by Number Answered

Percent of People with Each Score

Your Score History

You have not taken this quiz